Touhou Characters from their themes 6-11 - Statistics

General Stats
  • This quiz has been taken 588 times
    573 since last reset
  • The average score is 25 of 29
Answer Stats
Hint Answer % Correct
Beloved Tomboyish Girl Cirno
98%
UN Owen Was Her? Flandre Scarlet
97%
Love-coloured Master Spark Marisa Kirisame
95%
Flowering Night Sakuya Izayoi
94%
Lunatic Eyes ~ Invisible Full Reisen Udongein Inaba
92%
Lunar Clock - Luna Dial Sakuya Izayoi
92%
Flight of the Bamboo Cutter ~ Lunatic Princess Kaguya Houraisan
91%
Septette for the Dead Princess Remilia Scarlet
91%
Necrofantasia Yukari Yakumo
91%
Wind God Girl Aya Shameimaru
89%
Akutagawa Ryuunosuke no "Kappa" ~ Candid Friend Nitori Kawashiro
89%
Locked Girl ~ The Girl's Secret Room Patchouli Knowledge
89%
Shoujo ______ ~ 3rd eye Satori Komeiji
89%
Reach for the Moon, Immortal Smoke Fujiwara no Mokou
88%
Maiden's Capriccio ~ Dream Battle Reimu Hakurei
88%
Bloom Nobly, Ink-Black Cherry Blossom Yuyuko Saigyouji
88%
Gensokyo Millenium - History of the Moon Eirin Yagokoro
87%
Solar Sect of Mystic Wisdom ~ Nuclear Fusion Utsuho Reiuji
87%
Shangai Alice of Meiji Hong Meiling
86%
Native Faith Suwako Moriya
86%
Touhou Judgement in the Sixtieth Year Eiki Shiki
81%
Phantom Ensemble The Prismriver Sisters
81%
Green-Eyed Jealousy Parsee Mizuhashi
78%
The Venerable Ancient Battlefield ~ Suwa Foughten Field Kanako Yasaka
77%
Corpse Voyage ~ Be of Good Cheer! Rin Kaenbyou
74%
Higan Retour ~ Riverside View Komachi Onozuka
71%
Crystallized Silver Letty Whiterock
71%
The Youkai Mountain ~ Mysterious Mountain Aya Shameimaru
67%
Mystic Oriental Dream - Ancient Temple Youmu Konpaku
65%
No matching quizzes found
Score Distribution
Percent of People with Each Score
Percentile by Number Answered
Your Score History
You have not taken this quiz since the last reset